City or Town by 3 Bands From - Statistics

General Stats
  • This quiz has been taken 11 times
  • The average score is 16 of 30
Answer Stats
Bands City or Town % Correct
U2 | My Bloody Valentine | Thin Lizzy Dublin
100%
The Beatles | Carcass | Frankie Goes to Hollywood Liverpool
100%
Black Sabbath | Duran Duran | Electric Light Orchestra Birmingham
91%
The Who | The Kinks | The Clash London
82%
Metallica | Red Hot Chili Peppers | Weezer Los Angeles
82%
The Smiths | The Stone Roses | Oasis Manchester
82%
ABBA | Opeth | Army of Lovers Stockholm
82%
AC/DC | INXS | Bag Raiders Sydney
82%
Rammstein | Modern Talking | In Extremo Berlin
73%
Beastie Boys | Kiss | Ramones New York
73%
Caravan Palace | Daft Punk | Justice Paris
73%
Alice in Chains | Pearl Jam | Soundgarden Seattle
73%
Falling in Reverse | Imagine Dragons | The Killers Las Vegas
64%
The Cars | Lustra | Aerosmith Boston
55%
Satyricon | A-ha | Shining Oslo
55%
Rise Against | Styx | Ministry Chicago
45%
Backstreet Boys | NSYNC | Trivium Orlando
45%
Fat Larry's Band | The Trammps | Hall & Oates Philadelphia
45%
Dead Kennedys | Faith No More | Steve Miller Band San Francisco
45%
Electric Six | D12 | The White Stripes Detroit
36%
HammerFall | Ace of Base | In Flames Gothenburg
36%
The Sisters of Mercy | Kaiser Chiefs | Soft Cell Leeds
36%
Arctic Monkeys | Pulp | Moloko Sheffield
36%
Minor Threat | Bad Brains | Fugazi Washington
36%
Nine Inch Nails | Dead Boys | The Moonglows Cleveland
27%
Finntroll | Amorphis | Poets of the Fall Helsinki
27%
Helloween | Gamma Ray | Running Wild Hamburg
9%
Deftones | Tesla | Death Grips Sacramento
9%
Shocking Blue | Golden Earring | Kane The Hague
9%
Pantera | Pentatonix | Superfruit Arlington
0%
No matching quizzes found
Score Distribution
Percent of People with Each Score
Percentile by Number Answered
Your Score History
You have not taken this quiz